Finančná a poistná matematika

Bibliographic Details
Main Authors: Lamoš, František, 1932- (Author), Potocký, Rastislav (Author)
Format: Book
Language:Slovak
PhysicalDescription:45 s. tab. 21 cm
Published: Banská Bystrica Metodické centrum 1997
ISBN:808041145X
Subjects:

MARC

LEADER 00000nam a2200000 a 4500
001 vtls001303612
003 SK-MaSNL
005 20260301113756.0
008 240313s1997 xo p r y 0 slo
015 |a SNBA1998/01-00359 
020 |a 808041145X 
035 |a SNK000255777 
035 |a urn:nbn:sk:snk-amk61x 
035 |a urn:nbn:sk:snk-am004mhm 
035 |a DC80B588-A35E-4B40-B88F-4DB48E891329 
040 |a SNK  |b slo  |c SNK  |e AACR2 
041 0 |a slo 
044 |a xo  |c SK 
080 |a 51-7:336(072)  |2 1981 
080 |a 336(072)  |2 1981 
080 |a 368(072)  |2 1981 
100 1 |a Lamoš, František,  |d 1932-  |4 aut  |9 39517 
245 1 0 |a Finančná a poistná matematika  |c František Lamoš, Rastislav Potocký 
260 |a Banská Bystrica  |b Metodické centrum  |c 1997 
300 |a 45 s.  |b tab.  |c 21 cm 
500 |a 150 výt. 
650 0 7 |a finančná matematika  |2 SNK  |9 66402 
650 0 7 |a poistná matematika  |2 SNKPH  |9 67937 
655 7 |a príručky  |2 SNKPH  |9 74364 
655 7 |a metodické príručky  |2 SNKPH  |9 70250 
700 1 |a Potocký, Rastislav  |4 aut  |9 282941 
919 |a 80-8041-145-X 
958 |a OND 
958 |a TL 
958 |a BQ 
999 |c 715760  |d 717690 
952 |t P60, <03>, [BOOK], {603}  |a SNK  |b SNK  |y PREZ  |7 0  |p 17A0092455  |o snkSC 94131  |i snkKSP 9947/97  |0 0  |1 0  |4 0  |d 1997-09-29  |f 1  |l 0  |r 2025-09-11 00:00:00  |w 2026-02-23 
952 |t P60, <04>, [BOOK], {604}  |a SNK  |b SNK  |y VYP  |7 0  |p 17A0092454  |o snkSC 94131 D1  |i snkKSP 9948/97  |0 0  |1 0  |4 0  |d 1997-09-29  |l 0  |r 2005-01-02 00:00:00  |w 2026-02-23